000 00492nam a2200145 a 4500
008 120416s1976 ||||||||||||||||| || u
050 _aHF 5635 Pet
100 _aPeterson, Robert C
245 1 0 _aUnderstanding accounting
246 _afast
260 _aNew York
_bMcGraw-Hill
_c(1976)
300 _axi, 107p. : ill.
350 _a0.00
995 _D0.00
_FCBU-MAIN LIBRARY (Kitwe)
_H1
_I0.00
_UAVAILABLE
_ZMain Library Open Access Collection
999 _c60652
_d60652